00744nam a2200229Ia 4500003000900000008004100009040001300050040001300063041000800076100002000084245011800104250001100222260002100233260000900254300001100263300001000274490000600284710001400290942000700304999001700311952018600328IT-RoPAU120407s9999 xx 000 0 und d aIT-RoPAU cIT-RoPAU aita aJosef Schreiner aScoprire l’Antico Testamento. Commento delle lezioni veterotestamentarie domenicali e festive dell’anno C.  aModena aEdizioni Paoline c1973 a885 p. c21 cm v1 ae collab. cBK c37115d37115 00102ddc406264_400000000000000_1571aPAULUSbPAULUSd2012-04-11l0o264.4.15r2012-04-11 00:00:00w2012-04-11yBKzInserito da: In data: n.d. fondo: Via A.Severo 56 Progr:32408